000 00213nam a2200097Ia 4500
008 220204s9999 xx 000 0 und d
082 _a82-3KIP
_bKIP
100 _aRudyard
245 0 _aJungle book ....
942 _cBK
999 _c29876
_d29876